000 00543nam a22002057a 4500
005 20251108173705.0
008 250721s2007 xx 000 0 eng d
020 _a821369490
082 1 4 _aWB/368.4/SOC
100 1 _aHasiao, William
245 1 0 _aSocial Health Insurance For Development Nations /
264 1 _aWashington :
_bthe Wrld Bank,
_c2007.
300 _a172p.
650 1 7 _aINSURANCE HEALTH
650 1 7 _aSOCIAL SECURITY
650 1 7 _aDEVELOPING COUNTRIES
700 1 _aShaw, Paul
942 _2ddc
_cBK
999 _c110062
_d110062